Normal view
MARC view
Entry Topical Term
001 - CONTROL NUMBER
- control field: 1238939
003 - CONTROL NUMBER IDENTIFIER
- control field: OSt
005 - DATE AND TIME OF LATEST TRANSACTION
- control field: 20260511113415.0
008 - FIXED-LENGTH DATA ELEMENTS
- fixed length control field: 260511|| aca||aabn | a|a d
040 ## - CATALOGING SOURCE
- Original cataloging agency: OSt
- Transcribing agency: OSt
150 ## - HEADING--TOPICAL TERM
- Topical term or geographic name entry element: ਪੰਜਾਬੀ ਲਿਟ੍ਰੇਚਰ
670 ## - SOURCE DATA FOUND
- Source citation: Work cat.: (OSt)1851161: ਸਿੰਘ, ਮਨਜੀਤ , ਕੁਈਰ ਸਿਧਾਂਤ ਅਤੇ ਪੰਜਾਬੀ ਗਲਪ ਵਿੱਚ ਤੀਜੇ ਲਿੰਗ ਦੀ ਪਛਾਣ ਦੇ ਮਸਲੇ , 2025.
